Toldalékok funkcióváltozása

Neben Bezeichnung des Besitzverhältnisses spielen die possessiven Personalendungen (Personalsuffixe) eine Rolle auch in der höflichen Rede. Heute wird noch die Endung -m der ersten Person in der höflichen oder liebkosenden Rede gebraucht, doch im alten ungarischen Sprachgebrauch spielten auch die an...

Teljes leírás

Elmentve itt :
Bibliográfiai részletek
Szerző: Velcsov Mártonné
Dokumentumtípus: Cikk
Megjelent: Szegedi Tudományegyetem Bölcsészettudományi Kara Szeged 1963
Sorozat:Acta Universitatis Szegediensis : sectio ethnographica et linguistica = néprajz és nyelvtudomány = étnografiâ i azykoznanie = Volkskunde und Sprachwissenschaft 7
Kulcsszavak:Magyar nyelv - szuffixum
Tárgyszavak:
Online Access:http://acta.bibl.u-szeged.hu/3430
LEADER 01615nab a2200229 i 4500
001 acta3430
005 20220901155756.0
008 161015s1963 hu o 0|| hun d
022 |a 0586-3716 
040 |a SZTE Egyetemi Kiadványok Repozitórium  |b hun 
041 |a hun 
041 |a ger 
100 1 |a Velcsov Mártonné 
245 1 0 |a Toldalékok funkcióváltozása  |h [elektronikus dokumentum] /  |c  Velcsov Mártonné 
260 |a Szegedi Tudományegyetem Bölcsészettudományi Kara  |b Szeged  |c 1963 
300 |a 31-37 
490 0 |a Acta Universitatis Szegediensis : sectio ethnographica et linguistica = néprajz és nyelvtudomány = étnografiâ i azykoznanie = Volkskunde und Sprachwissenschaft  |v 7 
520 3 |a Neben Bezeichnung des Besitzverhältnisses spielen die possessiven Personalendungen (Personalsuffixe) eine Rolle auch in der höflichen Rede. Heute wird noch die Endung -m der ersten Person in der höflichen oder liebkosenden Rede gebraucht, doch im alten ungarischen Sprachgebrauch spielten auch die anderen Personafendungen eine ähnliche Rolle. In einigen Anreden hat die Personalendung ihre ursprüngliche Rolle verloren, da sich ihre Bedeutung infolge des häufigen Gebrauchs bzw. der Formveränderung des ganzen Ausdrucks verdunkelt hat. In Volksliedern finden sich auch Beispiele w o die Personalendung gar keine Funktion hat, sondern sie erscheint im verifizierten Text nur wegen des Rhythmus. 
650 4 |a Bölcsészettudományok 
650 4 |a Nyelvek és irodalom 
695 |a Magyar nyelv - szuffixum 
856 4 0 |u http://acta.bibl.u-szeged.hu/3430/1/etno_lingu_007_031-037.pdf  |z Dokumentum-elérés